[Event "Sparkassen-Open A"]
[Site "Heusenstamm, Martinsee"]
[Date "2022.11.18"]
[Round "2.52"]
[White "Armbrust, Matthias"]
[Black "Klundt, Klaus"]
[Result "0-1"]
[WhiteElo "1854"]
[BlackElo "2273"]
[PlyCount "72"]
[EventDate "2022.??.??"]
[WhiteTeam "TSG 1846 Bretzenheim/ZMO"]
[BlackTeam "SC Heusenstamm"]

1. e4 c5 2. Nc3 e6 3. f4 Nc6 4. Nf3 a6 5. d3 d5 6. e5 Nh6 7. g3 Nf5 8. Bg2 Be7
9. O-O h5 10. Ne2 b5 11. c3 Bb7 12. d4 Rc8 13. Bh3 g6 14. Bxf5 gxf5 15. Be3 c4
16. b3 cxb3 17. axb3 b4 18. Bd2 h4 19. Kg2 a5 20. cxb4 Nxb4 21. Bxb4 h3+ 22.
Kg1 Bxb4 23. Qd3 Qb6 24. Rac1 Ke7 25. Ng5 Ba6 26. Qe3 Bxe2 27. Qxe2 Qxd4+ 28.
Kh1 Qd2 29. Qxd2 Bxd2 30. Rxc8 Rxc8 31. Nxh3 Rb8 32. Rf3 d4 33. Ng1 Be3 34. Ne2
Rxb3 35. Rf1 d3 36. Ng1 a4 0-1

[Event "Sparkassen-Open A"]
[Site "Heusenstamm, Martinsee"]
[Date "2022.11.18"]
[Round "2.53"]
[White "Iliev, Mustafa Batuhan"]
[Black "Peter, Laurenz"]
[Result "1-0"]
[WhiteElo "2089"]
[BlackElo "1851"]
[PlyCount "69"]
[EventDate "2022.??.??"]
[WhiteTeam "SV KS 1929 Großauheim"]
[BlackTeam "SG Kaarst 1912/35"]

1. e4 c5 2. Nf3 e6 3. d4 cxd4 4. Nxd4 a6 5. Bd3 Nf6 6. O-O Qc7 7. c4 Nc6 8. Be3
h5 9. h3 d6 10. Nc3 Be7 11. Rc1 Bd7 12. Qe2 Ne5 13. Rfd1 h4 14. b3 Qa5 15. Bb1
Nh5 16. f4 Ng3 17. Qf2 Nc6 18. Nde2 Nxe2+ 19. Qxe2 Rb8 20. Qd2 Qd8 21. a4 Na5
22. Qa2 b6 23. b4 Nc6 24. b5 Na5 25. bxa6 Qc8 26. Nb5 Nc6 27. Qf2 O-O 28. a7
Rb7 29. Bxb6 d5 30. cxd5 exd5 31. exd5 Rxb6 32. Qxb6 Bd8 33. Qf2 Qa6 34. dxc6
Bxc6 35. Qc2 1-0

[Event "Sparkassen-Open A"]
[Site "Heusenstamm, Martinsee"]
[Date "2022.11.18"]
[Round "2.54"]
[White "Wenzel, Calvin"]
[Black "Kosak, Matjaz"]
[Result "1-0"]
[WhiteElo "1984"]
[BlackElo "1749"]
[PlyCount "77"]
[EventDate "2022.??.??"]
[WhiteTeam "SK 1980 Gernsheim"]
[BlackTeam "SV Frankfurt Nord 1926"]

1. e4 c5 2. Nf3 d6 3. d4 cxd4 4. Nxd4 Nf6 5. Nc3 g6 6. Be3 Bg7 7. f3 a6 8. Bc4
b5 9. Bb3 Nbd7 10. Qd2 h5 11. O-O-O Nc5 12. Kb1 Bd7 13. Rhe1 Rb8 14. Bg5 Qc7
15. Nd5 Nxd5 16. exd5 f6 17. Bf4 a5 18. c3 Nxb3 19. axb3 Kf7 20. Qd3 Rhe8 21.
Re6 a4 22. bxa4 Qc4 23. axb5 Qxd3+ 24. Rxd3 Bxe6 25. dxe6+ Kf8 26. c4 f5 27.
Nc6 Ra8 28. Ra3 Rxa3 29. bxa3 Rc8 30. Be3 Rc7 31. b6 Rb7 32. f4 Bc3 33. Kc2 Be1
34. a4 Kg7 35. a5 Bxa5 36. Nxa5 Rb8 37. Bd4+ Kh6 38. h4 Ra8 39. b7 1-0

[Event "Sparkassen-Open A"]
[Site "Heusenstamm, Martinsee"]
[Date "2022.11.18"]
[Round "2.55"]
[White "Schmidbauer, Frank"]
[Black "Hasselbacher, Uwe"]
[Result "1-0"]
[WhiteElo "2066"]
[BlackElo "1815"]
[PlyCount "69"]
[EventDate "2022.??.??"]
[WhiteTeam "SV Wollishofen Zuerich"]
[BlackTeam "SC Fulda"]

1. Nf3 Nf6 2. g3 e6 3. Bg2 d5 4. O-O Be7 5. c4 Nc6 6. d4 dxc4 7. Qa4 Bd7 8.
Qxc4 Rb8 9. Nc3 a6 10. Rd1 b5 11. Qd3 Nb4 12. Qd2 Bc6 13. a3 Nbd5 14. Ne5 Ba8
15. Qc2 Rb6 16. Nxd5 exd5 17. Bd2 O-O 18. Ba5 Bd6 19. Bxb6 cxb6 20. Rac1 Bb7
21. Bh3 Ne4 22. Rd3 f5 23. e3 g5 24. f4 Qe7 25. Qe2 Qg7 26. Qh5 g4 27. Bg2 Bxe5
28. fxe5 h6 29. Bxe4 fxe4 30. Rdd1 Kh7 31. Rf1 Rf3 32. e6 Kg8 33. Qe8+ Kh7 34.
Rxf3 gxf3 35. Qd7 1-0

[Event "Sparkassen-Open A"]
[Site "Heusenstamm, Martinsee"]
[Date "2022.11.18"]
[Round "2.56"]
[White "Waffenschmidt, Joachim"]
[Black "Nagel, Matthias"]
[Result "1/2-1/2"]
[WhiteElo "2015"]
[BlackElo "1763"]
[PlyCount "39"]
[EventDate "2022.??.??"]
[WhiteTeam "SV 1920 Hofheim"]
[BlackTeam "SV 1920 Kelsterbach"]

1. d4 d5 2. c4 e6 3. Nc3 a6 4. e3 Nf6 5. Nf3 dxc4 6. Bxc4 b5 7. Bd3 Bb7 8. O-O
Nbd7 9. Qe2 c5 10. Rd1 Qa5 11. Bc2 Rc8 12. e4 cxd4 13. Nxd4 Bb4 14. Bd2 Qb6 15.
Be3 Qc7 16. a4 Bxc3 17. bxc3 bxa4 18. Bxa4 O-O 19. f3 Rfd8 20. Rab1 1/2-1/2

[Event "Sparkassen-Open A"]
[Site "Heusenstamm, Martinsee"]
[Date "2022.11.18"]
[Round "2.57"]
[White "Mehlen, Theodor"]
[Black "Gebhardt, Ulrich"]
[Result "1/2-1/2"]
[WhiteElo "1827"]
[BlackElo "2006"]
[PlyCount "67"]
[EventDate "2022.??.??"]
[WhiteTeam "SC Matt im Park Ffm"]
[BlackTeam "SK Ettlingen"]

1. e4 c6 2. d4 d5 3. exd5 cxd5 4. Bd3 Nc6 5. c3 Nf6 6. Bf4 Bg4 7. Qb3 Qd7 8.
Nd2 e6 9. Ngf3 Bxf3 10. Nxf3 Bd6 11. Bxd6 Qxd6 12. O-O O-O 13. Rfe1 Rab8 14. a4
Qc7 15. Qc2 Rfc8 16. Qe2 Na5 17. Ne5 Nc4 18. f4 Nd6 19. Rf1 a6 20. f5 b5 21.
fxe6 fxe6 22. axb5 axb5 23. Ra6 Nfe4 24. Qg4 Re8 25. Rfa1 Nf6 26. Qh3 Rb6 27.
Rxb6 Qxb6 28. Ng4 Nfe4 29. Qe3 Nc4 30. Qe2 Ncd6 31. Nf2 Nf6 32. Ng4 Nfe4 33.
Nf2 Nf6 34. Ng4 1/2-1/2

[Event "Sparkassen-Open A"]
[Site "Heusenstamm, Martinsee"]
[Date "2022.11.18"]
[Round "2.58"]
[White "Wachsmann, Dietmar"]
[Black "Nahler, Michael"]
[Result "1-0"]
[WhiteElo "1981"]
[BlackElo "1825"]
[PlyCount "81"]
[EventDate "2022.??.??"]
[WhiteTeam "SC Groß-Umstadt"]
[BlackTeam "SV Oberursel"]

1. e4 e5 2. f4 exf4 3. Nf3 d6 4. d4 g5 5. h4 g4 6. Ng1 Bh6 7. Bd3 Nc6 8. c3 Qe7
9. Na3 Bd7 10. Qe2 O-O-O 11. Bd2 Nf6 12. O-O-O Nh5 13. Qe1 Ng3 14. Rh2 Rhe8 15.
Ne2 Nxe4 16. Bxf4 Bxf4+ 17. Nxf4 g3 18. Nd5 Qe6 19. Qxe4 Qxe4 20. Bxe4 gxh2 21.
Bf3 f5 22. Nb5 Rf8 23. Nbxc7 Rf7 24. Nb5 Be6 25. Nf4 Bxa2 26. Rh1 a6 27. Na3
Re7 28. Rxh2 Rde8 29. Nd3 Bb3 30. h5 h6 31. Rh4 Re3 32. Kd2 Na5 33. d5 Nc4+ 34.
Nxc4 Bxc4 35. Rxc4+ Kd7 36. Nf4 R3e5 37. Ng6 Re1 38. Nf8+ Kd8 39. Ne6+ R1xe6
40. dxe6 Rxe6 41. Bxb7 1-0

[Event "Sparkassen-Open A"]
[Site "Heusenstamm, Martinsee"]
[Date "2022.11.18"]
[Round "2.59"]
[White "Trenz, Finn"]
[Black "Burkhardt, Holger"]
[Result "0-1"]
[WhiteElo "1678"]
[BlackElo "1979"]
[PlyCount "62"]
[EventDate "2022.??.??"]
[WhiteTeam "SV Multatuli Ingelheim"]
[BlackTeam "SK 1858 Gießen"]

1. e4 e5 2. Nf3 Nc6 3. Bc4 Nf6 4. d3 d5 5. exd5 Nxd5 6. O-O Bc5 7. Re1 O-O 8.
c3 Nb6 9. Bg5 Qd7 10. b4 Nxc4 11. dxc4 Qxd1 12. Rxd1 f6 13. Bh4 Be7 14. Na3 g5
15. Bg3 Be6 16. Re1 Kf7 17. Re2 a5 18. Nd2 axb4 19. Nb5 bxc3 20. Nxc3 Nd4 21.
Re4 Bf5 22. Bxe5 fxe5 23. Rxe5 Bf6 24. Rd5 c6 25. Rd6 Ne2+ 26. Nxe2 Bxa1 27.
Nd4 Bxd4 28. Rxd4 Rad8 29. Nf3 Rxd4 30. Nxd4 Rd8 31. Nxf5 Rd1# 0-1

[Event "Sparkassen-Open A"]
[Site "Heusenstamm, Martinsee"]
[Date "2022.11.18"]
[Round "2.60"]
[White "Nerz, Lenard"]
[Black "Minor, Dieter"]
[Result "1-0"]
[WhiteElo "1989"]
[BlackElo "1817"]
[PlyCount "125"]
[EventDate "2022.??.??"]
[WhiteTeam "Spvgg Böblingen"]
[BlackTeam "Wiesbadener SV 1885"]

1. e4 e5 2. Nf3 Nc6 3. Bb5 d6 4. d4 exd4 5. Nxd4 Bd7 6. Nc3 Nge7 7. O-O Nxd4 8.
Qxd4 Bxb5 9. Nxb5 Nc6 10. Qc3 Qd7 11. Be3 a6 12. Nd4 Nxd4 13. Bxd4 f6 14. Rad1
Qc6 15. Qh3 Qd7 16. Qh5+ Qf7 17. Qd5 c6 18. Qxf7+ Kxf7 19. c4 Be7 20. Bb6 Rhe8
21. f3 Bd8 22. Bf2 Bc7 23. Rd3 Re6 24. Rfd1 b6 25. Bg3 Ke7 26. b4 c5 27. a3 Ra7
28. Rd5 a5 29. bxc5 bxc5 30. Rb1 Kd7 31. a4 Kc6 32. Be1 Rb7 33. Rb5 Rxb5 34.
axb5+ Kb6 35. Rd1 Re8 36. Ra1 Ra8 37. Ra4 Kb7 38. Kf1 Bb6 39. Ke2 Kc7 40. Kd3
Kd7 41. Kc2 Ke6 42. g4 g5 43. Bg3 Re8 44. Ra3 h6 45. Rd3 Rd8 46. Kb3 Rd7 47.
Be1 Ke5 48. Bc3+ Ke6 49. Rd1 Rf7 50. Ra1 Ra7 51. h4 Kf7 52. Rd1 Rd7 53. Rd5 Ke6
54. Ka4 Re7 55. Rd1 Rg7 56. hxg5 hxg5 57. Rh1 Bd8 58. Rh8 Rd7 59. Bxa5 Bxa5 60.
Kxa5 Ke5 61. Kb6 Kd4 62. Kc6 Rf7 63. b6 1-0

[Event "Sparkassen-Open A"]
[Site "Heusenstamm, Martinsee"]
[Date "2022.11.18"]
[Round "2.61"]
[White "Hilbenz, Guntram"]
[Black "Akhmatovski, Maxim"]
[Result "1/2-1/2"]
[WhiteElo "1829"]
[BlackElo "1934"]
[PlyCount "70"]
[EventDate "2022.??.??"]
[WhiteTeam "SC Bad Nauheim"]
[BlackTeam "SV Oberursel"]

1. c4 c5 2. g3 Nc6 3. Bg2 g6 4. Nc3 Bg7 5. a3 e5 6. Rb1 a5 7. d3 Nge7 8. Bg5 f6
9. Bd2 O-O 10. Nf3 d6 11. O-O Be6 12. Ne1 d5 13. cxd5 Nxd5 14. Nxd5 Bxd5 15.
Nc2 Bxg2 16. Kxg2 a4 17. f3 f5 18. b4 axb3 19. Rxb3 Qe7 20. Qb1 Rab8 21. Rb6
Rfd8 22. Qb3+ Kh8 23. Rb1 e4 24. Rxb7 exd3 25. Rxe7 Rxb3 26. Rxb3 dxc2 27. Rd3
Bd4 28. Rc7 Ne5 29. Rb3 Nc4 30. Bc1 Re8 31. Kh3 Kg8 32. Rbb7 Nd6 33. Rb6 Nf7
34. Rbb7 Nd6 35. Rb6 Nf7 1/2-1/2

[Event "Sparkassen-Open A"]
[Site "Heusenstamm, Martinsee"]
[Date "2022.11.18"]
[Round "2.62"]
[White "Tremöhlen, Thomas"]
[Black "Colditz, Elias"]
[Result "1-0"]
[WhiteElo "1979"]
[BlackElo "1680"]
[PlyCount "93"]
[EventDate "2022.??.??"]
[WhiteTeam "SG Kaarst 1912/35"]
[BlackTeam "SV Multatuli Ingelheim"]

1. e4 c5 2. Nf3 Nc6 3. Nc3 g6 4. d4 cxd4 5. Nxd4 Bg7 6. Be3 d6 7. Qd2 Nf6 8. f3
Bd7 9. g4 O-O 10. h4 Nxd4 11. Bxd4 Bc6 12. h5 e5 13. Be3 d5 14. hxg6 d4 15.
gxh7+ Kh8 16. Bh6 Bxh6 17. Rxh6 dxc3 18. Qxd8 Raxd8 19. Rxf6 cxb2 20. Rb1 Kxh7
21. Rxb2 Kg7 22. Rf5 f6 23. Bb5 Rd7 24. Bxc6 bxc6 25. Rb3 Rfd8 26. g5 Rd1+ 27.
Ke2 R1d2+ 28. Ke3 fxg5 29. Rxg5+ Kf6 30. Rf5+ Ke6 31. Rc3 R2d6 32. Rc5 Kd7 33.
Rcxe5 Kc7 34. Rc5 Kb6 35. Rc3 Rh8 36. Rf7 Rh2 37. Rd3 Rg6 38. Rd2 Rh1 39. e5
Rh4 40. f4 Rg3+ 41. Ke4 Rg1 42. Re2 Rgg4 43. e6 Rh6 44. Kf5 Rg8 45. e7 Rhh8 46.
Ke6 Re8 47. Kd7 1-0

[Event "Sparkassen-Open A"]
[Site "Heusenstamm, Martinsee"]
[Date "2022.11.18"]
[Round "2.63"]
[White "Stock, Jürgen"]
[Black "Schultze, Jörg-Martin"]
[Result "1-0"]
[WhiteElo "1825"]
[BlackElo "1974"]
[PlyCount "73"]
[EventDate "2022.??.??"]
[WhiteTeam "SC Steinbach"]
[BlackTeam "SF Braunfels"]

1. d4 c5 2. e3 cxd4 3. exd4 d5 4. f4 Nc6 5. c3 Bf5 6. Nf3 e6 7. Be2 Bd6 8. O-O
Nf6 9. Ne5 Qb6 10. Kh1 Nd7 11. Nd2 f6 12. Nxd7 Kxd7 13. a4 Qc7 14. g4 Bg6 15.
f5 Rae8 16. fxg6 hxg6 17. Nf3 Bxh2 18. Rf2 Bg3+ 19. Kg1 Bxf2+ 20. Kxf2 Rh3 21.
Qg1 e5 22. Bf1 Rhh8 23. Qg3 Qb6 24. b4 e4 25. a5 Qd8 26. Nh4 Rxh4 27. Qxh4 Rh8
28. Qg3 Ne7 29. b5 g5 30. Ba3 Kc8 31. Bxe7 Qxe7 32. b6 a6 33. c4 dxc4 34. Rc1
e3+ 35. Kg1 Kd7 36. Rxc4 Qd6 37. Rc7+ 1-0

[Event "Sparkassen-Open A"]
[Site "Heusenstamm, Martinsee"]
[Date "2022.11.18"]
[Round "2.64"]
[White "Busch, Malte"]
[Black "Bäumer, Frank"]
[Result "1-0"]
[WhiteElo "1823"]
[BlackElo "1914"]
[PlyCount "65"]
[EventDate "2022.??.??"]
[WhiteTeam "SC 1979 Hattersheim"]
[BlackTeam "Gambit Gusenburg"]

1. d4 Nf6 2. Nc3 c5 3. d5 d6 4. e4 g6 5. Bb5+ Nbd7 6. f4 a6 7. Bxd7+ Nxd7 8.
Nf3 Bg7 9. O-O O-O 10. a4 b6 11. Qe1 e6 12. Ng5 Nf6 13. dxe6 fxe6 14. e5 dxe5
15. fxe5 Qd4+ 16. Kh1 Ng4 17. Rxf8+ Bxf8 18. h3 Qxe5 19. Qxe5 Nxe5 20. Bf4 Nc4
21. b3 Bd6 22. Rd1 Bxf4 23. Rd8+ Kg7 24. Nxe6+ Bxe6 25. Rxa8 Ne3 26. Rxa6 Be5
27. Rxb6 Bxc3 28. Rxe6 Nxc2 29. Rc6 Bb4 30. a5 Nd4 31. Rc7+ Kf6 32. a6 Nb5 33.
Rb7 1-0

[Event "Sparkassen-Open A"]
[Site "Heusenstamm, Martinsee"]
[Date "2022.11.18"]
[Round "2.65"]
[White "Berberich, Christoph"]
[Black "Rabiya, Karim"]
[Result "1-0"]
[WhiteElo "1952"]
[BlackElo "1799"]
[PlyCount "71"]
[EventDate "2022.??.??"]
[WhiteTeam "FSF 1887 Zähringen"]
[BlackTeam "SK Niederbrechen 1948"]

1. d4 Nf6 2. Nf3 e6 3. c4 c5 4. e3 Nc6 5. a3 d5 6. dxc5 dxc4 7. Qc2 Qa5+ 8. Bd2
Qxc5 9. Qxc4 Bd7 10. Qxc5 Bxc5 11. b4 Bd6 12. Nc3 Rc8 13. Be2 Ke7 14. O-O Rhd8
15. Nb5 Bb8 16. Rfd1 Ne4 17. Be1 Ne5 18. Nxa7 Rc2 19. Nxe5 Rxe2 20. Rxd7+ Rxd7
21. Nxd7 Bxa7 22. Ne5 f5 23. Kf1 Rc2 24. Rd1 Bb8 25. Nf3 e5 26. Rd5 Ke6 27. Rb5
g5 28. Rxb7 Bc7 29. b5 g4 30. b6 Bd6 31. Rxh7 gxf3 32. b7 fxg2+ 33. Kxg2 Rb2
34. Bb4 Bxb4 35. b8=Q Rxf2+ 36. Kg1 1-0

[Event "Sparkassen-Open A"]
[Site "Heusenstamm, Martinsee"]
[Date "2022.11.18"]
[Round "2.66"]
[White "Meuer, David"]
[Black "Thomas, Tobias"]
[Result "1-0"]
[WhiteElo "1793"]
[BlackElo "1939"]
[PlyCount "97"]
[EventDate "2022.??.??"]
[WhiteTeam "SV Lahnstein"]
[BlackTeam "SK Langen"]

1. e4 c5 2. c3 Nf6 3. e5 Nd5 4. d4 cxd4 5. cxd4 e6 6. Nf3 d6 7. Bc4 Nc6 8. O-O
Be7 9. Qe2 O-O 10. Qe4 Qc7 11. Bd2 Ndb4 12. exd6 Qxd6 13. Bf4 Qd8 14. Rc1 Nd5
15. Be3 Ncb4 16. Bd2 Nf6 17. Qe2 Bd7 18. a3 Nbd5 19. Ne5 Rc8 20. Nc3 a6 21. Bd3
Bd6 22. Ne4 Rxc1+ 23. Rxc1 Bxe5 24. dxe5 Nxe4 25. Qxe4 f5 26. exf6 Nxf6 27. Qe2
Re8 28. Bc3 Bc6 29. Rd1 Qe7 30. Re1 Bd5 31. Qe5 Nd7 32. Qh5 Nf6 33. Qh4 Rf8 34.
Bxh7+ Kf7 35. Bb4 Qd7 36. Bxf8 Kxf8 37. Qb4+ Kf7 38. Bb1 Qc6 39. f3 b5 40. Qd4
a5 41. Qe3 a4 42. Rc1 Bc4 43. Bd3 Qd5 44. Bxc4 bxc4 45. Qa7+ Kg8 46. Qxa4 Qd4+
47. Kh1 Qxb2 48. Qxc4 Qxa3 49. Qxe6+ 1-0

[Event "Sparkassen-Open A"]
[Site "Heusenstamm, Martinsee"]
[Date "2022.11.18"]
[Round "2.67"]
[White "Voss, Georg"]
[Black "Lutze, Max"]
[Result "1/2-1/2"]
[WhiteElo "1947"]
[BlackElo "1787"]
[PlyCount "78"]
[EventDate "2022.??.??"]
[WhiteTeam "SV Meschede"]
[BlackTeam "MS Halver-Schalksmühle"]

1. c4 Nf6 2. g3 g6 3. Bg2 Bg7 4. Nf3 O-O 5. O-O d6 6. Nc3 e5 7. d3 h6 8. Rb1 a5
9. Qc2 Nh5 10. e3 Nc6 11. Nd5 f5 12. b4 axb4 13. Nxb4 Nxb4 14. Rxb4 g5 15. Ra4
Rxa4 16. Qxa4 Bd7 17. Qb3 Bc6 18. c5+ Kh8 19. cxd6 cxd6 20. d4 e4 21. Nd2 d5
22. Ba3 Rf7 23. f3 exf3 24. Nxf3 Qd7 25. Ne5 Bxe5 26. dxe5 f4 27. gxf4 gxf4 28.
e4 f3 29. Rxf3 Rxf3 30. Qxf3 dxe4 31. Qf8+ Kh7 32. Qe7+ Qxe7 33. Bxe7 Nf4 34.
Bc5 Kg6 35. Bf1 Kf5 36. Bd4 Bd5 37. a4 Kg4 38. Kf2 Ne6 39. Be3 Ng5 1/2-1/2

[Event "Sparkassen-Open A"]
[Site "Heusenstamm, Martinsee"]
[Date "2022.11.18"]
[Round "2.68"]
[White "Hinz, André"]
[Black "Krychevskiy, Dmytro"]
[Result "0-1"]
[WhiteElo "1668"]
[BlackElo "1912"]
[PlyCount "44"]
[EventDate "2022.??.??"]
[WhiteTeam "SC Brett vorm Kopp Ffm"]
[BlackTeam "SV Oberursel"]

1. c4 e6 2. Nf3 Nf6 3. Nc3 d5 4. e3 c6 5. b3 Bd6 6. Be2 Nbd7 7. O-O O-O 8. Bb2
Re8 9. d4 Nf8 10. a4 Ng6 11. a5 Bc7 12. b4 dxc4 13. Bxc4 e5 14. Qb3 Qe7 15. d5
Bg4 16. Nd2 e4 17. Rac1 Qe5 18. g3 Qh5 19. Rfe1 Ne5 20. Ncxe4 Nxe4 21. Bxe5
Nxd2 22. Qa2 Nf3+ 0-1

[Event "Sparkassen-Open A"]
[Site "Heusenstamm, Martinsee"]
[Date "2022.11.18"]
[Round "2.69"]
[White "Makilla, Tobias"]
[Black "Wadiei, Soroush"]
[Result "1-0"]
[WhiteElo "1939"]
[BlackElo "1725"]
[PlyCount "75"]
[EventDate "2022.??.??"]
[WhiteTeam "SC 1979 Hattersheim"]
[BlackTeam "SV Nürtingen 1920"]

1. e4 c5 2. Nf3 a6 3. c4 b6 4. d4 cxd4 5. Nxd4 e5 6. Nf3 Nc6 7. Bd3 Bb4+ 8. Bd2
Bc5 9. Nc3 Nge7 10. O-O d6 11. a3 a5 12. Rb1 Bg4 13. Be2 Bxf3 14. Bxf3 O-O 15.
Nb5 Nd4 16. b4 Nxb5 17. bxc5 Nxa3 18. cxd6 Qxd6 19. Rc1 Rac8 20. Be2 Rfd8 21.
Be3 Qxd1 22. Rfxd1 Rxd1+ 23. Rxd1 Nc2 24. Bxb6 Nc6 25. c5 N2d4 26. Bc4 Kf8 27.
Ra1 Ra8 28. Ra4 Ke7 29. g3 g6 30. f4 f5 31. fxe5 fxe4 32. Bd5 Nf3+ 33. Kg2
Nfxe5 34. Rxe4 Kf6 35. Rxe5 Kxe5 36. Bxc6 a4 37. Bxa8 a3 38. c6 1-0

[Event "Sparkassen-Open A"]
[Site "Heusenstamm, Martinsee"]
[Date "2022.11.18"]
[Round "2.70"]
[White "Nickel, Jonas"]
[Black "Ploder, Udo"]
[Result "1-0"]
[WhiteElo "1771"]
[BlackElo "1879"]
[PlyCount "67"]
[EventDate "2022.??.??"]
[WhiteTeam "SD Büdingen-Wächtersbach"]
[BlackTeam "SF Braunfels"]

1. e4 e5 2. Nf3 Nc6 3. Bc4 Nf6 4. Ng5 d5 5. exd5 Na5 6. Bb5+ c6 7. dxc6 bxc6 8.
Bd3 Nd5 9. Nf3 Bd6 10. O-O O-O 11. Re1 f5 12. Nxe5 Qf6 13. Nf3 g5 14. c4 Nf4
15. Bf1 g4 16. d3 gxf3 17. Qxf3 Ng6 18. Bd2 Nb7 19. Bc3 Be5 20. Rxe5 Qd6 21.
Re1 Nd8 22. Be5 Qb4 23. Bc3 Qd6 24. Nd2 Bb7 25. Qh5 Ne6 26. Nf3 c5 27. Qh6 Rf7
28. Rxe6 Qxe6 29. Ng5 Qd7 30. Nxf7 Qxf7 31. Re1 Rd8 32. h4 Rd7 33. h5 Ne7 34.
Re3 1-0

[Event "Sparkassen-Open A"]
[Site "Heusenstamm, Martinsee"]
[Date "2022.11.18"]
[Round "2.71"]
[White "Fröhlich-Dill, Astrid"]
[Black "Fanin, Erik"]
[Result "1/2-1/2"]
[WhiteElo "1799"]
[BlackElo "1850"]
[PlyCount "75"]
[EventDate "2022.??.??"]
[WhiteTeam "SV 1920 Hofheim"]
[BlackTeam "SK König Tegel 1949"]

1. d4 Nf6 2. c4 g6 3. Nc3 Bg7 4. e4 d6 5. f3 O-O 6. Be3 c5 7. dxc5 dxc5 8. Qxd8
Rxd8 9. Bxc5 Nc6 10. Nge2 b6 11. Ba3 a5 12. Nb5 Nb4 13. Bxb4 axb4 14. Nc1 Bd7
15. Be2 Ne8 16. Nd3 Bxb5 17. cxb5 Nd6 18. O-O Nxb5 19. Nxb4 Nc7 20. Rac1 Ne6
21. b3 Bd4+ 22. Kh1 Bc5 23. Nc6 Rd2 24. b4 Rxe2 25. bxc5 bxc5 26. Nxe7+ Kf8 27.
Nd5 Rexa2 28. f4 Rc8 29. f5 Nd4 30. f6 Nb3 31. Rcd1 c4 32. Nb6 Re8 33. Nxc4
Rxe4 34. Rd8+ Re8 35. Rxe8+ Kxe8 36. Nd6+ Kf8 37. Re1 Ra1 38. Rxa1 1/2-1/2

[Event "Sparkassen-Open A"]
[Site "Heusenstamm, Martinsee"]
[Date "2022.11.18"]
[Round "2.72"]
[White "Ersöz, Can"]
[Black "Meyer-Jany, Marcel"]
[Result "1-0"]
[WhiteElo "1927"]
[BlackElo "1766"]
[PlyCount "83"]
[EventDate "2022.??.??"]
[WhiteTeam "SV Würzburg von 1865"]
[BlackTeam "SK Herborn 1946"]

1. Nf3 Nf6 2. g3 d5 3. Bg2 c6 4. d3 Bf5 5. O-O e6 6. Nbd2 Be7 7. Re1 Bg6 8. c4
O-O 9. b3 h6 10. Bb2 Nbd7 11. Rc1 Re8 12. Rc2 a5 13. a3 b5 14. cxb5 cxb5 15.
Qa1 Rc8 16. Rec1 Rxc2 17. Rxc2 Qa8 18. Qc1 Rd8 19. Nd4 Nc5 20. Nxb5 Qb7 21. a4
Nfd7 22. Bc3 Qb6 23. Qb2 f6 24. Nf3 e5 25. Nh4 Bf7 26. d4 Ne4 27. e3 Nxc3 28.
Qxc3 Bb4 29. Qc7 e4 30. Bh3 Be8 31. Nf5 Kh8 32. Nfd6 Qxc7 33. Rxc7 Nf8 34. Nxe8
Rxe8 35. Kf1 Rd8 36. Ke2 Nh7 37. Bg4 Ng5 38. h4 Nh7 39. Na7 Rb8 40. Nc6 Bd6 41.
Rd7 Bxg3 42. Nxb8 1-0

[Event "Sparkassen-Open A"]
[Site "Heusenstamm, Martinsee"]
[Date "2022.11.18"]
[Round "2.73"]
[White "Oster, Klaus"]
[Black "Blomer, Moritz"]
[Result "0-1"]
[WhiteElo "1916"]
[BlackElo "1614"]
[PlyCount "80"]
[EventDate "2022.??.??"]
[WhiteTeam "SF Dettingen 1950"]
[BlackTeam "SG Porz"]

1. d4 Nf6 2. Nf3 g6 3. g3 Bg7 4. Bg2 O-O 5. O-O c6 6. c4 d6 7. b3 Nbd7 8. Bb2
Qa5 9. Re1 e5 10. e4 Re8 11. dxe5 dxe5 12. Bc3 Qc7 13. Bb4 Bf8 14. Bc3 Nc5 15.
Qc2 Ncxe4 16. Rxe4 Nxe4 17. Qxe4 Bf5 18. Qe1 a5 19. Nbd2 Rad8 20. Ne4 Bxe4 21.
Qxe4 f5 22. Qc2 e4 23. Nd4 Bg7 24. Ne2 Rd3 25. Bxg7 Qxg7 26. Rc1 Red8 27. Nc3
Qd4 28. Ne2 Qg7 29. Nc3 Rd2 30. Qb1 Qd4 31. Nxe4 fxe4 32. Rf1 Rf8 33. Qxe4
Rfxf2 34. Qe6+ Kg7 35. Kh1 Rxf1+ 36. Bxf1 Qf6 37. Qe1 Qf3+ 38. Kg1 Rd7 39. Qxa5
Qe3+ 40. Kh1 Rf7 0-1

[Event "Sparkassen-Open A"]
[Site "Heusenstamm, Martinsee"]
[Date "2022.11.18"]
[Round "2.74"]
[White "Schellen, Sven"]
[Black "Burkart, Lloyd Shang"]
[Result "1-0"]
[WhiteElo "1789"]
[BlackElo "1768"]
[PlyCount "55"]
[EventDate "2022.??.??"]
[WhiteTeam "SV Frankfurt Nord 1926"]
[BlackTeam "SV 1920 Hofheim"]

1. Nf3 Nf6 2. g3 d5 3. d4 Bf5 4. Bg2 e6 5. O-O h6 6. c4 c6 7. Nc3 Nbd7 8. Nd2
dxc4 9. Nxc4 Be7 10. e4 Bg4 11. Qc2 O-O 12. Ne3 Rc8 13. e5 Bh5 14. exf6 Bxf6
15. g4 Bg6 16. Be4 Bxe4 17. Qxe4 Re8 18. Nc4 Nb6 19. Ne5 Qe7 20. f4 Red8 21. g5
hxg5 22. fxg5 Bxe5 23. dxe5 Nd5 24. Be3 Nxe3 25. Qxe3 Qxg5+ 26. Qg3 Qe7 27. Ne4
Rd4 28. Nf6+ 1-0

[Event "Sparkassen-Open A"]
[Site "Heusenstamm, Martinsee"]
[Date "2022.11.18"]
[Round "2.75"]
[White "Kürschner, Liam"]
[Black "Werner, Florin"]
[Result "0-1"]
[WhiteElo "1900"]
[BlackElo "1669"]
[PlyCount "104"]
[EventDate "2022.??.??"]
[WhiteTeam "SK Langen"]
[BlackTeam "VSG 1880 Offenbach"]

1. c4 c6 2. Nf3 Nf6 3. g3 d5 4. d4 g6 5. Bg2 Bg7 6. O-O dxc4 7. Ne5 Be6 8. Na3
Bd5 9. Naxc4 Bxg2 10. Kxg2 O-O 11. Nf3 Nbd7 12. Re1 Nb6 13. b3 Nfd5 14. e4 Nc3
15. Qd2 Nb5 16. Bb2 Re8 17. Re2 Rc8 18. a4 Nd6 19. Qd3 e6 20. Qc2 c5 21. dxc5
Bxb2 22. Nxb2 Nd7 23. b4 b6 24. Qd2 Nb7 25. Rd1 Re7 26. cxb6 Nxb6 27. Qf4 Rd7
28. Red2 Rxd2 29. Rxd2 Qe7 30. Ne5 a5 31. b5 Nc5 32. Rd4 f6 33. Nc6 Rxc6 34.
bxc6 e5 35. Qg4 exd4 36. f3 d3 37. Qf4 Qd8 38. Qe3 Qd6 39. c7 Qxc7 40. Nxd3
Ncxa4 41. e5 Nc4 42. Qd4 fxe5 43. Qd5+ Kg7 44. Qe4 Nc3 45. Qe1 Nd5 46. Qe4
Nce3+ 47. Kf2 a4 48. f4 exf4 49. Nxf4 Ng4+ 50. Kg2 Nde3+ 51. Kf3 Qd7 52. h3
Qd1+ 0-1

[Event "Sparkassen-Open A"]
[Site "Heusenstamm, Martinsee"]
[Date "2022.11.18"]
[Round "2.76"]
[White "Schunke, Oliver"]
[Black "Trumpp, Lothar"]
[Result "1/2-1/2"]
[WhiteElo "1786"]
[BlackElo "1915"]
[PlyCount "46"]
[EventDate "2022.??.??"]
[WhiteTeam "VfB 07 Lettin"]
[BlackTeam "VSG 1880 Offenbach"]

1. Nc3 e5 2. e4 Nc6 3. Bc4 d6 4. d3 Na5 5. Nge2 Nxc4 6. dxc4 c6 7. Qd3 Ne7 8.
Ng3 Ng6 9. O-O Nf4 10. Bxf4 exf4 11. Nge2 g5 12. Rad1 Be6 13. Rfe1 Be7 14. Nd4
Qc7 15. e5 dxe5 16. Nxe6 fxe6 17. Qh3 Kf7 18. Qh5+ Kg7 19. Qg4 Kf7 20. Qh5+ Kg7
21. Qg4 Kf7 22. Qh5+ Kg7 23. Qg4 Kf7 1/2-1/2

[Event "Sparkassen-Open A"]
[Site "Heusenstamm, Martinsee"]
[Date "2022.11.18"]
[Round "2.77"]
[White "Hering, Sven"]
[Black "Abdo, Alan"]
[Result "0-1"]
[WhiteElo "1908"]
[BlackElo "1686"]
[PlyCount "96"]
[EventDate "2022.??.??"]
[WhiteTeam "VfB 07 Lettin"]
[BlackTeam "SC Listiger Bauer Essen-West"]

1. e4 e5 2. Nf3 Nc6 3. Nc3 Nf6 4. d4 exd4 5. Nxd4 Bb4 6. Nxc6 bxc6 7. Bd3 O-O
8. O-O h6 9. e5 Nd5 10. Nxd5 cxd5 11. Bxh6 Qh4 12. Be3 d6 13. c3 Bc5 14. exd6
Bxd6 15. g3 Qh3 16. Re1 Be6 17. Qd2 a5 18. Bf4 Bxf4 19. Qxf4 Rab8 20. Qxc7 Rxb2
21. Re2 Rxe2 22. Bxe2 a4 23. Qa5 Rc8 24. Rd1 Qf5 25. Qxa4 Rxc3 26. Qd4 Qc2 27.
Bf1 Ra3 28. Qb4 Rxa2 29. Qb8+ Bc8 30. Be2 Rb2 31. Qa8 g6 32. Re1 d4 33. Qd5 Qd2
34. Rd1 Qxe2 35. Qd8+ Kh7 36. Qh4+ Kg8 37. Qd8+ Kh7 38. Qh4+ Kg7 39. Qxd4+ f6
40. Rc1 Be6 41. h4 Rd2 42. Qc5 Qf3 43. Qe7+ Kh6 44. Qf8+ Kh5 45. Qc5+ Kg4 46.
Qe3 Qxe3 47. fxe3 Kxg3 48. Kf1 Bg4 0-1